01209agaaa2200265 45000010005000000030009000050050017000140070009000310080040000400400023000800410013001031000050001161300025001662450162001912500022003532600115003753000033004905080072005235200131005955380016007265460013007426500072007557000054008277000062008818696IT-RoPAU20220918181228.0d cvaizq50131s9999||||xx ||| | || ||und|| aIT-RoPAUcIT-RoPAU aITALIANO aDall'Olio FaustogCodice regista SPICS: 19162 aGIORNO DEL SOLE (IL) aGIORNO DEL SOLE (IL)cSceneggiatura: Arosio Mario Balduini Ivano -- Diretto da: Dall'Olio FaustopGIORNO DEL SOLE (IL) (Rif. Codice opera principale : 48696) aEdizione Standard aROMA (ITALIA)bSAMPAOLO FILM AUDIOVISIVI / Distribuzione: SPAg"1987 (1° ed.: 1987 ; Ed. Lingua Orig.: 1987)" aVHSbsonoro, col.c34 minuti a"Musica: Dalla Lucio; Sceneggiatura: Arosio Mario Balduini Ivano; " aMUSICA-DI-LUCIO-DALLA COPRODUTTRICE-ARCHIDIOCESI-DI-BOLOGNAFILM DELL'ARCHIDIOCESI DI BOLOGNA PER IL CONGRESSO EUCARISTICO 1987 aPAL, STEREO aITALIANO aRELIGIOSOeTV-PROGRAMMI RELIGIOSI [VHS]xCodice MATERIA SPICS: 9963 aDalla Lucioe(musica)gCodice Musica SPICS: 10843 aDall'Olio Fausto e(regista)gCodice regista SPICS: 19162